000 00490nam a2200181Ia 4500
008 230917s9999||||xx |||||||||||||| ||und||
020 _cGBP29.99
040 _e240756
_aMAIN
041 _aEnglish
082 _a647.94 S15E(2)
100 _aSlattery, Paul
245 0 _aEconomic ascent of the hotel business
250 _a2nd ed.
260 _aOxford
_bGoodfellow Publishing
_c2012
300 _axii, 272 p.
500 _a2751 27/06/2017 PBA17/409 28/06/2017 Main Budget
942 _cBK
999 _c22905
_d22905